000 00224 a2200097 4500
001 3829
100 _aGiles, R.V
245 _aTheory & problems of fluid mech & hydraulics
260 _a
_bSchaum pub
_c
090 _c3062
_d3062
942 _aNUST-CAE
_cM
_c22914
999 _c238902
_d238902